00392nam a2200133Ia 4500003000900000008004100009040001600050080001600066100002600082245006000108260003500168300001400203650004100217IN-BaIIA211028s9999 xx 000 0 eng d cIIA Library a629.19bGOO aGoodwin Leland Harold 4aThe science book of space travelcHarold Leland Goodwin aNew YorkbFranklin Wattsc1954 avi, 213p. aAstronomy and Astrophysics Thesaurus